<?xml version="1.0" encoding="UTF-8"?>
<marc:record xmlns:marc="http://www.loc.gov/MARC21/slim">
   <marc:leader>00000nam a2200000 a 4500</marc:leader>
   <marc:datafield ind1="1" ind2=" " tag="100">
      <marc:subfield code="a">Quinn, Aidan</marc:subfield>
   </marc:datafield>
   <marc:datafield ind1="1" ind2=" " tag="100">
      <marc:subfield code="a">Bassett, Angela</marc:subfield>
   </marc:datafield>
   <marc:datafield ind1="1" ind2=" " tag="100">
      <marc:subfield code="a">Streep, Meryl</marc:subfield>
   </marc:datafield>
   <marc:datafield ind1="1" ind2=" " tag="100">
      <marc:subfield code="a">Scheuer, Walter</marc:subfield>
   </marc:datafield>
   <marc:datafield ind1="1" ind2=" " tag="100">
      <marc:subfield code="a">Craven, Wes</marc:subfield>
   </marc:datafield>
   <marc:datafield ind1="0" ind2="0" tag="245">
      <marc:subfield code="a">Music of the heart</marc:subfield>
   </marc:datafield>
   <marc:datafield ind1="0" ind2="0" tag="245">
      <marc:subfield code="c">Wes Craven [Regie]. Walter Scheuer [Prod.] ... Pamela Gray [Drehbuch]. Peter Deming [Kamera]. Meryl Streep [Darst.] ; Aidan Quinn [Darst.] ; Angela Bassett [Darst.]. Mason Daring [Komp.]</marc:subfield>
   </marc:datafield>
   <marc:datafield ind1=" " ind2="1" tag="264">
      <marc:subfield code="a">[München]</marc:subfield>
      <marc:subfield code="b">Kinowelt Home Entertainment</marc:subfield>
      <marc:subfield code="c">2000</marc:subfield>
   </marc:datafield>
   <marc:datafield ind1="1" ind2=" " tag="520">
      <marc:subfield code="a">Die engagierte Geigenlehrerin Roberta Guaspari (Meryl Streep) zieht nach ihrer Scheidung mit ihren beiden Söhnen nach Harlem. Die Schulkinder, die zum Teil in trostlosen Verhältnissen leben, haben zuerst kein großes Interesse an Robertas Violinenunterricht. Doch mit großem Einsatz kann Roberta eine Gruppe von ihnen für die Musik interessieren. Neben ihrer Tätigkeit als Lehrerin hat sie auch ein offenes Ohr für die privaten Probleme der Kinder. Als die Lehrmittel für ihren Unterricht gekürzt werden sollen, versucht Roberta mit einem Benefizkonzert das benötigte Geld zusammenzubekommen.</marc:subfield>
   </marc:datafield>
   <marc:datafield ind1="2" ind2=" " tag="024">
      <marc:subfield code="a">40.60</marc:subfield>
   </marc:datafield>
   <marc:datafield ind1=" " ind2=" " tag="041">
      <marc:subfield code="a">ger</marc:subfield>
   </marc:datafield>
   <marc:datafield ind1=" " ind2=" " tag="500">
      <marc:subfield code="a">Orig.: USA, 1999. - Dt., engl. mit dt. Untertiteln</marc:subfield>
   </marc:datafield>
   <marc:datafield ind1=" " ind2=" " tag="300">
      <marc:subfield code="e">1 Beibl.</marc:subfield>
   </marc:datafield>
   <marc:datafield ind1="0" ind2=" " tag="490">
      <marc:subfield code="v">0</marc:subfield>
   </marc:datafield>
   <marc:datafield ind1=" " ind2=" " tag="300">
      <marc:subfield code="a">1 DVD-Video (ca. 118 Min.) : Tonformat: DD/5.1 (dt., engl.), Bildformat: 1:1.85 ; 16:9 Widescreen, Ländercode: 2</marc:subfield>
   </marc:datafield>
</marc:record>
